Normal view
MARC view
- Ahmed Raza
Entry Personal Name
001 - CONTROL NUMBER
- control field: 15126
003 - CONTROL NUMBER IDENTIFIER
- control field: NUST
005 - DATE AND TIME OF LATEST TRANSACTION
- control field: 20190620051351.0
008 - FIXED-LENGTH DATA ELEMENTS
- fixed length control field: 190620|| aca||aabn | a|a d
040 ## - CATALOGING SOURCE
- Original cataloging agency: NUST
- Transcribing agency: NUST
100 ## - HEADING--PERSONAL NAME
- Personal name: Ahmed Raza
670 ## - SOURCE DATA FOUND
- Source citation: Work cat.: (NUST): Ahmed Raza, Wireless Micro-Stimulator Device For Brain Stimulation, 2018
